Close-Up 'Q' Images Quiz Stats

Quiz Updated Aug 2, 2016

Challenge
Share
Tweet
Score 0/16 Timer 03:00
3 Plays Today
% Correct
Quilt
92.9%
Queen
91.8%
Quill
89.3%
Quiz
88.2%
Quail
86.1%
Quarter
85.3%
Quiche
84%
Quartz
75.1%
% Correct
Quinoa
74.3%
Quiver
71.9%
Quesadilla
67.3%
Quasar
48.2%
Quince
40.8%
Quay
33.2%
Quicksilver
30.2%
Quahog
30.2%

You're not logged in!

Compare scores with friends on all Sporcle quizzes.
Sign Up with Email
OR
Log In

You Might Also Like...

Show Comments

Extras

Top Quizzes Today


Score Distribution

Your Account Isn't Verified!

In order to create a playlist on Sporcle, you need to verify the email address you used during registration. Go to your Sporcle Settings to finish the process.

Report this User

Report this user for behavior that violates our Community Guidelines.

Details: